| 000 | 01299nam a22003017a 4500 | ||
|---|---|---|---|
| 001 | 4840 | ||
| 003 | FISKH | ||
| 005 | 20241017141728.0 | ||
| 008 | 241017b cb ||||| |||| 00| 0 eng d | ||
| 020 | _a9780439441438 | ||
| 040 |
_aFISKH _beng _cFISKH _dFISKH |
||
| 050 | _aPZ7.C677475 | ||
| 082 | _a823.92 | ||
| 100 | _aColfer, Eoin | ||
| 245 |
_aThe Arctic Incident / _cby Eoin Colfer |
||
| 250 | _aFirst Scholastic printing , September 2002 | ||
| 260 |
_aNew York : _bScholastic ; _c2002 . |
||
| 300 |
_a277 pages : _billustrations ; _c20 cm . |
||
| 490 |
_a Artemis Fowl _vBook 2 |
||
| 505 | _aQ | ||
| 520 | _aMythology. Young Adult Fiction. Artemis is at boarding school in Ireland when he suddenly receives an urgent video-email from Russia. In it is a plea from a man who has been kidnapped by the Russian Mafiya: his father. As Artemis rushes to the rescue, he is stopped by captain Holly Short of the LEPrecon fairy police. But this time, instead of battling the fairies, he is going to have to join forces with them if he wants to save one of the few people in the world he loves. | ||
| 521 | 8 |
_a670
_bLexile |
|
| 521 | 8 |
_aQ
_bRaz-Plus |
|
| 650 |
_aadventure _vscience fiction |
||
| 700 |
_aAna, Alcaina _etranslator |
||
| 942 |
_2ddc _cBK _n0 |
||
| 999 |
_c4840 _d4840 |
||